Textbook of Environmental Studies for Undergraduate Courses (Record no. 12336)

MARC details
000 -LEADER
fixed length control field 00428nam a22001697a 4500
003 - CONTROL NUMBER IDENTIFIER
control field OSt
008 - FIXED-LENGTH DATA ELEMENTS--GENERAL INFORMATION
fixed length control field 240329b |||||||| |||| 00| 0 eng d
020 ## - INTERNATIONAL STANDARD BOOK NUMBER
International Standard Book Number 9789389211788
082 ## - DEWEY DECIMAL CLASSIFICATION NUMBER
Classification number 628 BHE
100 ## - MAIN ENTRY--PERSONAL NAME
Personal name BHARUCHA, Erach
245 ## - TITLE STATEMENT
Title Textbook of Environmental Studies for Undergraduate Courses
250 ## - EDITION STATEMENT
Edition statement 3rd. ed.
260 ## - PUBLICATION, DISTRIBUTION, ETC. (IMPRINT)
Place of publication, distribution, etc Telangana
Name of publisher, distributor, etc Universities Press
300 ## - PHYSICAL DESCRIPTION
Extent 266 p.
650 ## - SUBJECT ADDED ENTRY--TOPICAL TERM
Topical term or geographic name as entry element English
942 ## - ADDED ENTRY ELEMENTS (KOHA)
Source of classification or shelving scheme Dewey Decimal Classification
Koha item type Text Books
Holdings
Withdrawn status Lost status Source of classification or shelving scheme Damaged status Not for loan Collection code Home library Current library Date acquired Source of acquisition Currency Cost, normal purchase price Bill Number Total Checkouts Full call number Acc. no. / Barcode Date last seen Actual Cost, discounted price Bill Date Koha item type Date last borrowed
    Dewey Decimal Classification     B.A Hons. English PIET NCR College Library PIET NCR College Library 23/03/2024 Zafaa Books & Distributors In Rupees 375.00 ZBD0458   628 BHE N3537 29/03/2024 262.50 23/03/2024 Reference Books  
    Dewey Decimal Classification     B.A Hons. English PIET NCR College Library PIET NCR College Library 23/03/2024 Zafaa Books & Distributors In Rupees 375.00 ZBD0458 1 628 BHE N3538 28/06/2025 262.50 23/03/2024 Text Books 17/06/2025

Design & Developed by: PIET Central Library
R70 Miles Stone Pattikalyana Samalkha Panipat 132102
mail ID :- [email protected], Phone No:- 0180-2569700 Ex.216